| 000 | 00887cam a22002774i 4500 | ||
|---|---|---|---|
| 942 | _cBK | ||
| 999 |
_c709 _d709 |
||
| 001 | 19598930 | ||
| 003 | OSt | ||
| 005 | 20250420134822.0 | ||
| 008 | 170417s2018 flua b 001 0 eng | ||
| 010 | _a 2017018670 | ||
| 020 | _a9781498736954 (pbk. : alk. paper) | ||
| 040 |
_aDLC _beng _cKCST _erda _dDLC |
||
| 042 | _apcc | ||
| 050 | 0 | 0 |
_aTJ808 _b.E34 2018 |
| 082 | 0 | 0 |
_a333.794 _223 _bEh Re |
| 100 | 1 |
_aEhrlich, Robert, _d1938- _eauthor. _95395 |
|
| 245 | 1 | 0 |
_aRenewable energy : _ba first course / _cRobert Ehrlich, Harold A. Geller. |
| 250 | _aSecond edition. | ||
| 260 | 1 |
_aBoca Raton _bCRC Press, Taylor & Francis Group, _c[2018] |
|
| 300 |
_axxiii, 490 pages : _billustrations ; _c28 cm |
||
| 504 | _aIncludes bibliographical references and index. | ||
| 650 | 0 |
_aRenewable energy sources. _95396 |
|
| 700 | 1 |
_aGeller, Harold, _d1954- _eauthor. _95397 |
|
| 942 | _2ddc | ||